[Event "English Schools Championship Final 2024"]
[Site "Nottingham University Kings Meadow Campus, United Kingdom"]
[Date "2024.06.28"]
[Round "4.71"]
[White "Comer, Rufus"]
[Black "Ragu, Sachin"]
[Result "1-0"]
[TimeControl "G50' + 10\" per move."]
[BlackFideId "343441726"]
[WhiteElo "1658"]
[BlackElo "1542"]

1. e4 {[%clk 00:50:19]} e5 {[%clk 00:50:16]} {[%emt 00:00:04]} 2. Nf3 {[%clk
00:50:22]} {[%emt 00:00:06]} Nc6 {[%emt 00:00:10]} 3. Bc4 {[%clk 00:50:20]}
{[%emt 00:00:07]} Bc5 {[%clk 00:50:25]} {[%emt 00:00:07]} 4. c3 {[%clk
00:50:17]} {[%emt 00:00:13]} Nf6 {[%clk 00:50:30]} {[%emt 00:00:05]} 5. d4
{[%clk 00:50:10]} {[%emt 00:00:17]} exd4 {[%clk 00:50:32]} {[%emt 00:00:09]} 6.
e5 {[%clk 00:50:10]} {[%emt 00:00:07]} Qe7 {[%clk 00:50:27]} {[%emt 00:00:17]}
7. cxd4 {[%clk 00:49:35]} {[%emt 00:00:33]} Bb4+ {[%clk 00:48:34]} {[%emt
00:02:15]} 8. Nc3 {[%clk 00:49:35]} {[%emt 00:00:08]} Ne4 {[%clk 00:45:30]}
{[%emt 00:03:16]} 9. Qd3 {[%clk 00:49:14]} {[%emt 00:00:29]} f5 {[%clk
00:43:05]} {[%emt 00:02:37]} 10. O-O {[%clk 00:49:02]} {[%emt 00:00:22]} Bxc3
{[%clk 00:42:16]} {[%emt 00:01:00]} 11. bxc3 {[%clk 00:48:50]} {[%emt
00:00:18]} d6 {[%clk 00:37:53]} {[%emt 00:04:36]} 12. Bf4 {[%clk 00:46:01]}
{[%emt 00:02:59]} Be6 {[%clk 00:33:17]} {[%emt 00:04:46]} 13. d5 {[%clk
00:45:02]} {[%emt 00:01:08]} dxe5 {[%clk 00:25:48]} {[%emt 00:07:40]} 14. dxc6
{[%clk 00:43:55]} {[%emt 00:01:16]} exf4 {[%clk 00:24:49]} {[%emt 00:01:11]} 15.
Bb5 {[%clk 00:42:12]} {[%emt 00:01:52]} b6 {[%clk 00:24:21]} {[%emt 00:00:39]}
16. Nd4 {[%clk 00:39:26]} {[%emt 00:02:55]} Kf8 {[%clk 00:20:51]} {[%emt
00:03:39]} 17. Nxe6+ {[%clk 00:38:53]} {[%emt 00:00:43]} Qxe6 {[%clk 00:20:43]}
{[%emt 00:00:20]} 18. f3 {[%clk 00:36:34]} {[%emt 00:02:28]} Nc5 {[%clk
00:18:13]} {[%emt 00:02:40]} 19. Bc4 {[%clk 00:36:08]} {[%emt 00:00:36]} Nxd3
{[%clk 00:16:26]} {[%emt 00:01:57]} 20. Bxe6 {[%clk 00:36:03]} {[%emt
00:00:13]} g6 {[%clk 00:16:26]} {[%emt 00:00:12]} 21. Rad1 {[%clk 00:35:32]}
{[%emt 00:00:41]} Re8 {[%clk 00:15:41]} {[%emt 00:00:52]} 22. Rxd3 {[%clk
00:33:58]} {[%emt 00:01:46]} Rxe6 {[%clk 00:15:32]} {[%emt 00:00:20]} 23. Rfd1
{[%clk 00:34:00]} {[%emt 00:00:08]} Rxc6 {[%clk 00:15:04]} {[%emt 00:00:38]} 24.
Rd8+ {[%clk 00:33:58]} {[%emt 00:00:11]} Kg7 {[%clk 00:15:04]} {[%emt
00:00:11]} 25. R1d7+ {[%clk 00:33:57]} {[%emt 00:00:11]} Kh6 {[%clk 00:14:07]}
{[%emt 00:01:08]} 26. Rxh8 {[%clk 00:34:04]} {[%emt 00:00:02]} Rxc3 {[%clk
00:13:20]} {[%emt 00:00:57]} 27. Rhxh7+ {[%clk 00:34:10]} {[%emt 00:00:03]} Kg5
{[%clk 00:12:01]} {[%emt 00:02:22]} 28. Rdf7 {[%clk 00:34:05]} {[%emt
00:00:13]} Rc1+ {[%clk 00:11:34]} {[%emt 00:00:39]} 29. Kf2 {[%clk 00:33:59]}
{[%emt 00:00:13]} Rc2+ {[%clk 00:11:25]} {[%emt 00:00:21]} 30. Ke1 {[%clk
00:34:06]} {[%emt 00:00:03]} Rxg2 {[%clk 00:11:04]} {[%emt 00:00:31]} 31. h4#
{[%clk 00:33:54]} {[%emt 00:00:03]} 1-0

[Event "English Schools Championship Final 2024"]
[Site "Nottingham University Kings Meadow Campus, United Kingdom"]
[Date "2024.06.28"]
[Round "4.73"]
[White "Handa, Yash"]
[Black "Xu, Weiming"]
[Result "0-1"]
[TimeControl "G50' + 10\" per move."]
[WhiteElo "1337"]
[BlackElo "1707"]

1. d4 {[%clk 00:50:19]} d5 {[%clk 00:50:15]} {[%emt 00:00:06]} 2. Bf4 {[%clk
00:50:27]} {[%emt 00:00:02]} Nf6 {[%clk 00:50:13]} {[%emt 00:00:11]} 3. Nf3
{[%clk 00:50:30]} {[%emt 00:00:05]} e6 {[%clk 00:50:03]} {[%emt 00:00:23]} 4.
e3 {[%clk 00:50:34]} {[%emt 00:00:06]} Bd6 {[%clk 00:49:27]} {[%emt 00:00:45]}
5. Bg3 {[%clk 00:50:17]} {[%emt 00:00:28]} O-O {[%clk 00:47:54]} {[%emt
00:01:42]} 6. c4 {[%clk 00:50:23]} {[%emt 00:00:04]} b6 {[%clk 00:47:08]}
{[%emt 00:00:56]} 7. Nc3 {[%clk 00:50:20]} {[%emt 00:00:13]} Bb7 {[%clk
00:46:11]} {[%emt 00:01:08]} 8. Bh4 {[%clk 00:50:02]} {[%emt 00:00:28]} Nbd7
{[%clk 00:44:31]} {[%emt 00:01:49]} 9. Bd3 {[%clk 00:49:25]} {[%emt 00:00:46]}
Be7 {[%clk 00:42:17]} {[%emt 00:02:25]} 10. O-O {[%clk 00:48:32]} {[%emt
00:01:04]} Rc8 {[%clk 00:39:35]} {[%emt 00:02:51]} 11. Qc2 {[%clk 00:47:27]}
{[%emt 00:01:15]} h6 {[%clk 00:32:51]} {[%emt 00:06:54]} 12. Bg3 {[%clk
00:46:47]} {[%emt 00:00:51]} c5 {[%clk 00:29:51]} {[%emt 00:03:10]} 13. b3
{[%clk 00:45:00]} {[%emt 00:01:56]} Nh5 {[%clk 00:24:02]} {[%emt 00:05:58]} 14.
Ne2 {[%clk 00:42:41]} {[%emt 00:02:30]} Ndf6 {[%clk 00:19:54]} {[%emt
00:04:17]} 15. h3 {[%clk 00:41:36]} {[%emt 00:01:14]} Nxg3 {[%clk 00:18:25]}
{[%emt 00:01:42]} 16. Nxg3 {[%clk 00:41:35]} {[%emt 00:00:10]} dxc4 {[%clk
00:18:07]} {[%emt 00:00:28]} 17. Be4 {[%clk 00:40:42]} {[%emt 00:01:02]} Nxe4
{[%clk 00:17:39]} {[%emt 00:00:39]} 18. Nxe4 {[%clk 00:40:44]} {[%emt
00:00:08]} cxb3 {[%clk 00:17:31]} {[%emt 00:00:18]} 19. axb3 {[%clk 00:40:34]}
{[%emt 00:00:20]} cxd4 {[%clk 00:17:30]} {[%emt 00:00:12]} 20. Qd3 {[%clk
00:40:30]} {[%emt 00:00:14]} dxe3 {[%clk 00:16:41]} {[%emt 00:00:58]} 21. Qxe3
{[%clk 00:40:20]} {[%emt 00:00:17]} a5 {[%clk 00:15:48]} {[%emt 00:01:06]} 22.
Rfd1 {[%clk 00:40:07]} {[%emt 00:00:23]} Qc7 {[%clk 00:15:20]} {[%emt
00:00:38]} 23. Rac1 {[%clk 00:40:06]} {[%emt 00:00:11]} Qb8 {[%clk 00:12:13]}
{[%emt 00:03:17]} 24. Ng3 {[%clk 00:40:01]} {[%emt 00:00:14]} Bxf3 {[%clk
00:11:11]} {[%emt 00:01:13]} 25. Qxf3 {[%clk 00:39:59]} {[%emt 00:00:12]} Rxc1
{[%clk 00:11:02]} {[%emt 00:00:19]} 26. Rxc1 {[%clk 00:40:02]} {[%emt
00:00:07]} Rc8 {[%clk 00:11:02]} {[%emt 00:00:10]} 27. Qe3 {[%clk 00:40:04]}
{[%emt 00:00:08]} Bc5 {[%clk 00:10:42]} {[%emt 00:00:29]} 28. Qd2 {[%clk
00:39:40]} {[%emt 00:00:35]} Bb4 {[%clk 00:08:15]} {[%emt 00:02:37]} 29. Rxc8+
{[%clk 00:39:02]} {[%emt 00:00:48]} Qxc8 {[%clk 00:08:17]} {[%emt 00:00:09]} 30.
Qe3 {[%clk 00:38:52]} {[%emt 00:00:19]} Bc5 {[%clk 00:06:34]} {[%emt 00:01:52]}
31. Qe5 {[%clk 00:38:41]} {[%emt 00:00:22]} Qd7 {[%clk 00:04:56]} {[%emt
00:01:48]} 32. Nh5 {[%clk 00:37:25]} {[%emt 00:01:26]} Qd1+ {[%clk 00:04:07]}
{[%emt 00:00:59]} 33. Kh2 {[%clk 00:37:09]} {[%emt 00:00:21]} Bd6 {[%emt
00:01:21]} 34. Ng3 {[%emt 00:00:10]} Bc5 {[%emt 00:00:05]} 0-1

[Event "English Schools Championship Final 2024"]
[Site "Nottingham University Kings Meadow Campus, United Kingdom"]
[Date "2024.06.28"]
[Round "4.74"]
[White "Robinson, Ben"]
[Black "Pannu, Aaron"]
[Result "1-0"]
[TimeControl "G50' + 10\" per move."]
[BlackFideId "483648"]
[WhiteElo "1609"]
[BlackElo "1148"]

1. d4 {[%clk 00:50:16]} {[%emt 00:00:04]} d5 {[%clk 00:50:11]} {[%emt
00:00:10]} 2. c4 {[%clk 00:50:20]} {[%emt 00:00:06]} Nf6 {[%clk 00:49:29]}
{[%emt 00:00:52]} 3. Nc3 {[%clk 00:50:04]} {[%emt 00:00:26]} c6 {[%clk
00:47:39]} {[%emt 00:01:59]} 4. e3 {[%clk 00:45:35]} {[%emt 00:04:40]} Bf5
{[%clk 00:44:50]} {[%emt 00:02:56]} 5. Nf3 {[%clk 00:41:43]} {[%emt 00:04:05]}
Nbd7 {[%clk 00:40:47]} {[%emt 00:04:13]} 6. Be2 {[%clk 00:38:05]} {[%emt
00:03:48]} e6 {[%clk 00:39:29]} {[%emt 00:01:28]} 7. Nh4 {[%clk 00:33:50]}
{[%emt 00:04:25]} Ne4 {[%clk 00:30:06]} {[%emt 00:09:32]} 8. Nxf5 {[%clk
00:32:43]} {[%emt 00:01:18]} exf5 {[%clk 00:28:53]} {[%emt 00:01:23]} 9. O-O
{[%clk 00:29:12]} {[%emt 00:03:40]} Ndf6 {[%clk 00:25:19]} {[%emt 00:03:45]} 10.
Qb3 {[%clk 00:23:37]} {[%emt 00:05:46]} Rb8 {[%clk 00:23:32]} {[%emt 00:01:56]}
11. cxd5 {[%clk 00:23:08]} {[%emt 00:00:39]} Nxd5 {[%clk 00:19:29]} {[%emt
00:04:13]} 12. Nxd5 {[%clk 00:20:18]} {[%emt 00:03:00]} Qxd5 {[%clk 00:19:26]}
{[%emt 00:00:13]} 13. Bc4 {[%clk 00:18:43]} {[%emt 00:01:44]} Qd7 {[%clk
00:18:27]} {[%emt 00:01:10]} 14. d5 {[%clk 00:17:10]} {[%emt 00:01:44]} cxd5
{[%clk 00:16:10]} {[%emt 00:02:26]} 15. Bb5 {[%clk 00:17:08]} {[%emt 00:00:12]}
Bd6 {[%clk 00:12:45]} {[%emt 00:03:35]} 16. Bxd7+ {[%clk 00:17:08]} {[%emt
00:00:10]} Kxd7 {[%clk 00:12:48]} {[%emt 00:00:07]} 17. Qxd5 {[%clk 00:17:00]}
{[%emt 00:00:18]} Rhe8 {[%clk 00:11:16]} {[%emt 00:01:42]} 18. Qxf7+ {[%clk
00:16:14]} {[%emt 00:00:55]} Re7 {[%clk 00:11:02]} {[%emt 00:00:26]} 19. Qxf5+
{[%clk 00:16:13]} {[%emt 00:00:10]} Kc7 {[%clk 00:10:50]} {[%emt 00:00:22]} 20.
Rd1 {[%clk 00:15:57]} {[%emt 00:00:25]} Rd8 {[%clk 00:10:26]} {[%emt 00:00:33]}
21. Bd2 {[%clk 00:13:45]} {[%emt 00:02:24]} Nxd2 {[%clk 00:09:48]} {[%emt
00:00:48]} 22. Rxd2 {[%clk 00:13:47]} {[%emt 00:00:08]} Bxh2+ {[%clk 00:09:36]}
{[%emt 00:00:21]} 23. Kxh2 {[%clk 00:13:49]} {[%emt 00:00:09]} Rxd2 {[%clk
00:09:26]} {[%emt 00:00:07]} 24. Qa5+ {[%clk 00:13:55]} {[%emt 00:00:17]} b6
{[%clk 00:09:02]} {[%emt 00:00:35]} 25. Qxd2 {[%clk 00:13:56]} {[%emt
00:00:07]} Rd7 {[%clk 00:09:03]} {[%emt 00:00:10]} 26. Rc1+ {[%clk 00:13:53]}
{[%emt 00:00:13]} Kd8 {[%clk 00:08:57]} {[%emt 00:00:16]} 27. Qb4 {[%clk
00:13:50]} {[%emt 00:00:12]} Ke8 {[%clk 00:08:29]} {[%emt 00:00:40]} 28. Rc8+
{[%clk 00:13:01]} {[%emt 00:00:58]} Kf7 {[%clk 00:08:24]} {[%emt 00:00:15]} 29.
Rc7 {[%clk 00:12:14]} {[%emt 00:00:58]} Rxc7 {[%clk 00:08:10]} {[%emt
00:00:23]} 30. Qf4+ {[%clk 00:12:21]} {[%emt 00:00:03]} Kg6 {[%clk 00:08:11]}
{[%emt 00:00:09]} 31. Qxc7 {[%clk 00:12:23]} {[%emt 00:00:08]} Kh5 {[%clk
00:08:16]} {[%emt 00:00:05]} 32. Qxg7 {[%clk 00:12:13]} {[%emt 00:00:20]} a5
{[%clk 00:08:14]} {[%emt 00:00:12]} 33. Kh3 {[%clk 00:12:13]} {[%emt 00:00:10]}
b5 {[%clk 00:08:14]} {[%emt 00:00:10]} 34. g4# {[%clk 00:12:15]} {[%emt
00:00:08]} 1-0

[Event "English Schools Championship Final 2024"]
[Site "Nottingham University Kings Meadow Campus, United Kingdom"]
[Date "2024.06.28"]
[Round "4.75"]
[White "Pannu, Mya"]
[Black "Berry, Namam"]
[Result "1/2-1/2"]
[TimeControl "G50' + 10\" per move."]
[WhiteFideId "483656"]
[BlackFideId "343432492"]
[WhiteElo "1098"]
[BlackElo "1466"]

1. d4 {[%clk 00:50:19]} d5 {[%clk 00:50:10]} {[%emt 00:00:10]} 2. Nf3 {[%clk
00:50:23]} {[%emt 00:00:06]} Nf6 {[%clk 00:50:00]} {[%emt 00:00:20]} 3. e3
{[%clk 00:50:25]} {[%emt 00:00:09]} e6 {[%clk 00:49:56]} {[%emt 00:00:13]} 4.
Bd3 {[%clk 00:50:14]} {[%emt 00:00:21]} Be7 {[%clk 00:49:54]} {[%emt 00:00:12]}
5. Nbd2 {[%clk 00:50:00]} {[%emt 00:00:24]} O-O {[%clk 00:49:51]} {[%emt
00:00:12]} 6. O-O {[%clk 00:49:53]} {[%emt 00:00:18]} c5 {[%clk 00:49:48]}
{[%emt 00:00:13]} 7. c3 {[%clk 00:46:56]} {[%emt 00:03:07]} Nc6 {[%clk
00:48:40]} {[%emt 00:01:18]} 8. Re1 {[%clk 00:44:56]} {[%emt 00:02:10]} c4
{[%clk 00:46:50]} {[%emt 00:02:00]} 9. Bc2 {[%clk 00:44:48]} {[%emt 00:00:18]}
b5 {[%clk 00:44:48]} {[%emt 00:02:13]} 10. Ne5 {[%clk 00:42:29]} {[%emt
00:02:28]} Nxe5 {[%clk 00:44:11]} {[%emt 00:00:47]} 11. dxe5 {[%clk 00:42:33]}
{[%emt 00:00:06]} Nd7 {[%clk 00:43:50]} {[%emt 00:00:31]} 12. e4 {[%clk
00:39:16]} {[%emt 00:03:27]} Nxe5 {[%clk 00:41:36]} {[%emt 00:02:24]} 13. exd5
{[%clk 00:36:05]} {[%emt 00:03:21]} Bd6 {[%clk 00:39:06]} {[%emt 00:02:40]} 14.
Ne4 {[%clk 00:33:17]} {[%emt 00:02:58]} Bb7 {[%clk 00:33:36]} {[%emt 00:05:40]}
15. Nxd6 {[%clk 00:25:14]} {[%emt 00:08:13]} Qxd6 {[%clk 00:33:27]} {[%emt
00:00:19]} 16. Bf4 {[%clk 00:25:04]} {[%emt 00:00:20]} f6 {[%clk 00:31:50]}
{[%emt 00:01:48]} 17. Qh5 {[%clk 00:20:40]} {[%emt 00:04:33]} g6 {[%clk
00:29:49]} {[%emt 00:02:11]} 18. Bxe5 {[%clk 00:20:29]} {[%emt 00:00:21]} fxe5
{[%clk 00:27:54]} {[%emt 00:02:05]} 19. Qxe5 {[%clk 00:19:39]} {[%emt
00:01:00]} Qxe5 {[%clk 00:27:28]} {[%emt 00:00:37]} 20. Rxe5 {[%clk 00:19:43]}
{[%emt 00:00:05]} Bxd5 {[%clk 00:27:21]} {[%emt 00:00:17]} 21. Be4 {[%clk
00:18:49]} {[%emt 00:01:04]} Bxe4 {[%clk 00:27:05]} {[%emt 00:00:27]} 22. Rxe4
{[%clk 00:18:53]} {[%emt 00:00:06]} Rfe8 {[%clk 00:26:38]} {[%emt 00:00:36]} 23.
Rae1 {[%clk 00:17:24]} {[%emt 00:01:40]} Kf7 {[%clk 00:26:13]} {[%emt
00:00:35]} 24. Re5 {[%clk 00:16:33]} {[%emt 00:01:01]} a6 {[%clk 00:25:49]}
{[%emt 00:00:33]} 25. Rc5 {[%clk 00:15:46]} {[%emt 00:00:57]} Rad8 {[%clk
00:25:18]} {[%emt 00:00:41]} 26. Rce5 {[%clk 00:13:26]} {[%emt 00:02:31]} Kg7
{[%clk 00:24:36]} {[%emt 00:00:51]} 27. g3 {[%clk 00:12:51]} {[%emt 00:00:46]}
Kf6 {[%clk 00:24:35]} {[%emt 00:00:11]} 28. R5e2 {[%clk 00:12:13]} {[%emt
00:00:48]} Rb8 {[%clk 00:22:33]} {[%emt 00:02:12]} 29. Re4 {[%clk 00:09:35]}
{[%emt 00:02:47]} Rbd8 {[%clk 00:21:52]} {[%emt 00:00:52]} 30. R4e2 {[%clk
00:08:59]} {[%emt 00:00:46]} Ra8 {[%emt 00:00:22]} 1/2-1/2

[Event "English Schools Championship Final 2024"]
[Site "Nottingham University Kings Meadow Campus, United Kingdom"]
[Date "2024.06.28"]
[Round "4.76"]
[White "Ross, Ethan"]
[Black "Abdelalim, Hussien"]
[Result "0-1"]
[TimeControl "G50' + 10\" per move."]
[WhiteFideId "343411002"]
[WhiteElo "1301"]
[BlackElo "1336"]

1. d4 {[%clk 00:50:18]} {[%emt 00:01:02]} d5 {[%clk 00:50:08]} {[%emt
00:00:11]} 2. Nc3 {[%clk 00:50:22]} {[%emt 00:00:06]} Nf6 {[%clk 00:50:01]}
{[%emt 00:00:12]} 3. Bf4 {[%clk 00:50:30]} {[%emt 00:00:07]} c5 {[%clk
00:49:48]} {[%emt 00:00:23]} 4. Nf3 {[%clk 00:50:23]} {[%emt 00:00:17]} Nc6
{[%clk 00:49:38]} {[%emt 00:00:20]} 5. e3 {[%clk 00:50:15]} {[%emt 00:00:18]}
Bf5 {[%clk 00:49:22]} {[%emt 00:00:26]} 6. Bb5 {[%clk 00:50:00]} {[%emt
00:00:25]} e6 {[%clk 00:48:59]} {[%emt 00:00:33]} 7. Ne5 {[%clk 00:49:48]}
{[%emt 00:00:23]} Rc8 {[%clk 00:48:47]} {[%emt 00:00:20]} 8. Nxc6 {[%clk
00:48:59]} {[%emt 00:00:59]} bxc6 {[%clk 00:48:40]} {[%emt 00:00:17]} 9. Ba6
{[%clk 00:48:59]} {[%emt 00:00:11]} cxd4 {[%clk 00:46:35]} {[%emt 00:02:15]} 10.
exd4 {[%clk 00:48:37]} {[%emt 00:00:32]} Bb4 {[%clk 00:45:09]} {[%emt
00:01:36]} 11. Bxc8 {[%clk 00:47:54]} {[%emt 00:00:53]} Qxc8 {[%clk 00:45:02]}
{[%emt 00:00:17]} 12. O-O {[%clk 00:46:56]} {[%emt 00:01:09]} O-O {[%clk
00:44:51]} {[%emt 00:00:17]} 13. Be5 {[%clk 00:45:39]} {[%emt 00:01:31]} Nd7
{[%clk 00:43:32]} {[%emt 00:01:28]} 14. h4 {[%clk 00:44:11]} {[%emt 00:01:38]}
h6 {[%clk 00:43:12]} {[%emt 00:00:30]} 15. g4 {[%clk 00:43:00]} {[%emt
00:01:22]} Bh7 {[%clk 00:41:38]} {[%emt 00:01:43]} 16. g5 {[%clk 00:40:20]}
{[%emt 00:02:49]} f6 {[%clk 00:39:45]} {[%emt 00:02:04]} 17. gxf6 {[%clk
00:37:27]} {[%emt 00:03:03]} Nxf6 {[%clk 00:39:38]} {[%emt 00:00:14]} 18. Ne2
{[%clk 00:35:29]} {[%emt 00:02:10]} Be7 {[%clk 00:37:16]} {[%emt 00:02:33]} 19.
Nf4 {[%clk 00:33:54]} {[%emt 00:01:45]} Nd7 {[%clk 00:36:16]} {[%emt 00:01:08]}
20. Nxe6 {[%clk 00:32:34]} {[%emt 00:01:32]} Rf7 {[%clk 00:33:55]} {[%emt
00:02:30]} 21. Qe2 {[%clk 00:29:07]} {[%emt 00:03:37]} Nxe5 {[%clk 00:27:20]}
{[%emt 00:06:46]} 22. Qxe5 {[%clk 00:28:00]} {[%emt 00:01:17]} Rf6 {[%clk
00:26:47]} {[%emt 00:00:43]} 23. Nxg7 {[%clk 00:26:01]} {[%emt 00:02:08]} Rg6+
{[%clk 00:25:25]} {[%emt 00:01:33]} 24. Kh1 {[%clk 00:22:41]} {[%emt 00:03:30]}
Qh3+ {[%clk 00:20:18]} {[%emt 00:05:16]} 25. Qh2 {[%clk 00:22:33]} {[%emt
00:00:18]} Qf3+ {[%clk 00:20:10]} {[%emt 00:00:18]} 26. Qg2 {[%clk 00:20:58]}
{[%emt 00:01:46]} Qxg2# {[%clk 00:20:03]} {[%emt 00:00:16]} 0-1

[Event "English Schools Championship Final 2024"]
[Site "Nottingham University Kings Meadow Campus, United Kingdom"]
[Date "2024.06.28"]
[Round "4.77"]
[White "Wood, Ethan"]
[Black "Phillips, James"]
[Result "1-0"]
[TimeControl "G50' + 10\" per move."]
[WhiteElo "943"]
[BlackElo "1449"]

1. d4 {[%clk 00:50:19]} {[%emt 00:59:26]} Nf6 {[%clk 00:50:12]} {[%emt
00:00:06]} 2. Bf4 {[%clk 00:50:17]} {[%emt 00:00:12]} c5 {[%clk 00:49:59]}
{[%emt 00:00:23]} 3. c3 {[%clk 00:50:21]} {[%emt 00:00:07]} e6 {[%clk
00:49:45]} {[%emt 00:00:22]} 4. Nf3 {[%clk 00:50:24]} {[%emt 00:00:09]} Nc6
{[%clk 00:49:39]} {[%emt 00:00:15]} 5. e3 {[%clk 00:50:22]} {[%emt 00:00:12]}
Qb6 {[%clk 00:49:15]} {[%emt 00:00:33]} 6. Qb3 {[%clk 00:50:16]} {[%emt
00:00:17]} cxd4 {[%clk 00:48:13]} {[%emt 00:01:12]} 7. Qxb6 {[%clk 00:49:43]}
{[%emt 00:00:43]} axb6 {[%clk 00:47:48]} {[%emt 00:00:35]} 8. exd4 {[%clk
00:49:32]} {[%emt 00:00:21]} Na5 {[%clk 00:46:58]} {[%emt 00:00:54]} 9. Nbd2
{[%clk 00:47:35]} {[%emt 00:02:13]} Be7 {[%clk 00:44:23]} {[%emt 00:02:42]} 10.
Bd3 {[%clk 00:47:28]} {[%emt 00:00:21]} d5 {[%clk 00:43:33]} {[%emt 00:00:56]}
11. O-O {[%clk 00:47:15]} {[%emt 00:00:27]} Bd7 {[%clk 00:43:08]} {[%emt
00:00:34]} 12. b4 {[%clk 00:44:58]} {[%emt 00:02:28]} Nc6 {[%clk 00:42:12]}
{[%emt 00:01:02]} 13. Bc7 {[%clk 00:44:21]} {[%emt 00:00:50]} Ra3 {[%clk
00:40:55]} {[%emt 00:01:23]} 14. Nb1 {[%clk 00:40:49]} {[%emt 00:03:45]} Ra8
{[%clk 00:40:01]} {[%emt 00:01:03]} 15. Bxb6 {[%clk 00:38:03]} {[%emt
00:02:58]} O-O {[%clk 00:39:18]} {[%emt 00:00:52]} 16. Bc5 {[%clk 00:35:10]}
{[%emt 00:03:04]} Rfe8 {[%clk 00:38:45]} {[%emt 00:00:42]} 17. Bxe7 {[%clk
00:33:03]} {[%emt 00:02:18]} Rxe7 {[%clk 00:38:45]} {[%emt 00:00:09]} 18. a3
{[%clk 00:30:58]} {[%emt 00:02:16]} e5 {[%clk 00:37:30]} {[%emt 00:01:24]} 19.
Nxe5 {[%clk 00:27:43]} {[%emt 00:03:26]} Nxe5 {[%clk 00:37:13]} {[%emt
00:00:27]} 20. dxe5 {[%clk 00:27:38]} {[%emt 00:00:14]} Rxe5 {[%clk 00:37:18]}
{[%emt 00:00:06]} 21. Nd2 {[%clk 00:26:38]} {[%emt 00:01:10]} Bc6 {[%clk
00:33:10]} {[%emt 00:04:10]} 22. Nf3 {[%clk 00:25:15]} {[%emt 00:01:41]} Re6
{[%clk 00:31:37]} {[%emt 00:01:42]} 23. Nd4 {[%clk 00:23:50]} {[%emt 00:01:34]}
Rd6 {[%clk 00:30:46]} {[%emt 00:00:57]} 24. Nxc6 {[%clk 00:23:03]} {[%emt
00:01:02]} Rxc6 {[%clk 00:30:32]} {[%emt 00:00:25]} 25. Rfc1 {[%clk 00:19:59]}
{[%emt 00:03:13]} Rac8 {[%clk 00:29:57]} {[%emt 00:00:44]} 26. Bf5 {[%clk
00:20:00]} {[%emt 00:00:10]} R8c7 {[%clk 00:29:44]} {[%emt 00:00:21]} 27. Rc2
{[%clk 00:19:28]} {[%emt 00:00:44]} Rxc3 {[%clk 00:29:11]} {[%emt 00:00:43]} 28.
Rac1 {[%clk 00:19:30]} {[%emt 00:00:07]} Rxc2 {[%clk 00:28:39]} {[%emt
00:00:43]} 29. Rxc2 {[%clk 00:19:34]} {[%emt 00:00:06]} Rc4 {[%clk 00:28:12]}
{[%emt 00:00:33]} 30. Kf1 {[%clk 00:16:22]} {[%emt 00:03:25]} Kf8 {[%clk
00:27:18]} {[%emt 00:01:01]} 31. Rxc4 {[%clk 00:15:37]} {[%emt 00:00:59]} dxc4
{[%clk 00:27:13]} {[%emt 00:00:13]} 32. Ke2 {[%clk 00:14:47]} {[%emt 00:01:01]}
Ke7 {[%clk 00:26:41]} {[%emt 00:00:41]} 33. Kd2 {[%clk 00:13:11]} {[%emt
00:01:47]} Kd6 {[%clk 00:25:52]} {[%emt 00:00:57]} 34. Ke3 {[%clk 00:11:16]}
{[%emt 00:02:07]} Kd5 {[%clk 00:24:42]} {[%emt 00:01:18]} 35. f3 {[%clk
00:09:51]} {[%emt 00:01:38]} g6 {[%clk 00:23:29]} {[%emt 00:01:21]} 36. Be4+
{[%clk 00:08:17]} {[%emt 00:01:45]} Nxe4 {[%clk 00:23:28]} {[%emt 00:00:12]} 37.
fxe4+ {[%clk 00:08:25]} {[%emt 00:00:02]} Ke5 {[%clk 00:23:20]} {[%emt
00:00:17]} 38. a4 {[%clk 00:08:24]} {[%emt 00:00:12]} f5 {[%clk 00:21:09]}
{[%emt 00:02:21]} 39. exf5 {[%clk 00:08:18]} {[%emt 00:00:16]} gxf5 {[%clk
00:21:14]} {[%emt 00:00:05]} 40. g3 {[%clk 00:07:57]} {[%emt 00:00:31]} h5
{[%clk 00:20:06]} {[%emt 00:01:18]} 41. a5 {[%clk 00:07:42]} {[%emt 00:00:26]}
h4 {[%clk 00:18:46]} {[%emt 00:01:29]} 42. b5 {[%clk 00:07:25]} {[%emt
00:00:27]} hxg3 {[%clk 00:18:11]} {[%emt 00:00:45]} 43. hxg3 {[%clk 00:07:25]}
{[%emt 00:00:10]} Kd5 {[%clk 00:15:58]} {[%emt 00:02:24]} 44. a6 {[%clk
00:07:06]} {[%emt 00:00:29]} c3 {[%clk 00:15:24]} {[%emt 00:00:44]} 45. axb7
{[%clk 00:05:50]} {[%emt 00:01:24]} c2 {[%clk 00:14:57]} {[%emt 00:00:39]} 46.
Kd2 {[%clk 00:05:43]} {[%emt 00:00:17]} Ke4 {[%clk 00:14:38]} {[%emt 00:00:28]}
47. b8=Q {[%clk 00:05:42]} {[%emt 00:00:09]} Kd4 {[%clk 00:13:36]} {[%emt
00:01:14]} 48. Kxc2 {[%clk 00:05:32]} {[%emt 00:00:21]} Kc5 {[%clk 00:13:28]}
{[%emt 00:00:17]} 49. b6 {[%clk 00:05:19]} {[%emt 00:00:23]} 1-0